Literacy and Language teaching

Gespeichert in:
Bibliographische Detailangaben
1. Verfasser: Kern, Richard
Format: Buch
Sprache:Englisch
Veröffentlicht: Oxford Oxford University Press 2000
Schriftenreihe:Oxford applied linguistics
Schlagworte:
Tags: Tag hinzufügen
Keine Tags, Fügen Sie das erste Tag hinzu!

MARC

LEADER 00000nam a2200000 4500
001 0191465
005 20240229080257.9
020 |a 978-0-19-442162-1 
041 0 |a eng 
044 |a GB 
245 1 0 |a Literacy and Language teaching  |c Richard Kern 
264 1 |a Oxford  |b Oxford University Press  |c 2000 
300 |a 358 s. 
490 1 |a Oxford applied linguistics 
830 0 |a Oxford applied linguistics 
610 2 0 |a vzdelávanie 
610 2 0 |a jazykoveda 
610 2 0 |a vyučovanie 
610 2 0 |a metódy 
610 2 0 |a učitelia 
610 2 0 |a študenti 
610 2 0 |a komunikácia 
610 2 0 |a gramotnosť 
100 1 |a Kern, Richard